Vista normal
Vista MARC
Entrada Personal Name
Número de registros utilizados en: 1
001 - CONTROL NUMBER
- control field: 16711
003 - CONTROL NUMBER IDENTIFIER
- control field: DLC
005 - DATE AND TIME OF LATEST TRANSACTION
- control field: 20250206123508.0
008 - FIXED-LENGTH DATA ELEMENTS
- fixed length control field: 810825n| azannaabn |a aaa
010 ## - LIBRARY OF CONGRESS CONTROL NUMBER
- LC control number: n 81068614
035 ## - SYSTEM CONTROL NUMBER
- System control number: (OCoLC)oca00613961
040 ## - CATALOGING SOURCE
- Original cataloging agency: DLC
- Language of cataloging: spa
- Description conventions: rda
- Transcribing agency: Mx-PuUPA
- Modifying agency: WU
- Modifying agency: DLC
- Modifying agency: ICU
- Modifying agency: DLC
- Modifying agency: Mx-PuUPA
046 ## - SPECIAL CODED DATES
- Birth date: 19070701
- Death date: 19770313
- Source of date scheme: edtf
053 #0 - LC CLASSIFICATION NUMBER
- Classification number element--single number or beginning number of span: B4805.P38
- Classification number element--ending number of span: B4805.P384
100 1# - HEADING--PERSONAL NAME
- Personal name: Patočka, Jan,
- Dates associated with a name: 1907-1977
370 ## - ASSOCIATED PLACE
- Place of birth: Turnov (República Checa)
- Place of death: Praga (República Checa)
- Source of term: naf
372 ## - FIELD OF ACTIVITY
- Field of activity: Filosofía
- Field of activity: Fenomenología
- Field of activity: Historia--Filosofía
- Source of term: lcsh
374 ## - OCCUPATION
- Occupation: Filósofo
- Source of term: lcsh
374 ## - OCCUPATION
- Occupation: Autor
- Source of term: lcsh
375 ## - GENDER
- Gender: hombre
- Source of term: lcdgt
377 ## - ASSOCIATED LANGUAGE
- Language code: cze
400 1# - SEE FROM TRACING--PERSONAL NAME
- Personal name: Patochka, I︠A︡n,
- Dates associated with a name: 1907-1977
670 ## - SOURCE DATA FOUND
- Source citation: Aristoteles, 1961.
670 ## - SOURCE DATA FOUND
- Source citation: Eretichni eseta za filosofii︠a︡ ... 1994:
- Information found: t.p. (I︠A︡n Patochka)
670 ## - SOURCE DATA FOUND
- Source citation: Wikipedie, otevřená encyklopedie, January 4, 2016
- Information found: Jan Patočka page (Jan Patočka; born 1 July 1907 in Turnov; died 13 March 1977 in Prague; Czech philosopher; wrote on phenomenology; philosophy of history; the philosophy of Jan Amos Komenský; T.G. Masaryk, and Edmund Husserl; Czech literature, art, and culture; taught at Univerzita Karlova, 1945-1949, 1968-1972; worked at the Ústav T.G. Masaryka, the Vyzkumný ústav pedagogický, and from 1964-1968, was an editor in the filosofický ústav AV)
- Uniform Resource Identifier: https://cs.wikipedia.org/wiki/Jan_Pato%C4%8Dka